000 00426nam a2200181Ia 4500
005 20250603145718.0
008 250603s9999 xx 000 0 und d
020 _a9679963330
050 _aKD 600 .D6/
100 _aAbdur Rahama i Doi
245 0 _aShari’ah The Islamic Law
260 _aLumpur,Malaysia
260 _bA.s Noordeen.
260 _c2007
300 _a484 p
650 _aLumpur,Malaysia
942 _cBK
999 _c42631
_d42631